[Event "8th Southwest Class"]
[Site "Forth Worth, TX"]
[Date "2017.02.20"]
[Round "8.1"]
[White "GM Sevian, Sam"]
[Black "GM Belous, Vladimir"]
[Result "1/2-1/2"]
[WhiteElo "2579"]
[BlackElo "2577"]
[PlyCount "127"]
[EventDate "2017.02.??"]
[EventType "swiss"]
[EventRounds "9"]
[EventCountry "USA"]

1. e4 c5 2. Nf3 Nc6 3. d4 cxd4 4. Nxd4 e6 5. Nc3 Qc7 6. Be2 Nf6 7. O-O Be7 8.
Be3 O-O 9. f4 d6 10. Kh1 Nxd4 11. Qxd4 b6 12. Rad1 Bb7 13. Bf3 Bc6 14. a4 Qb7
15. f5 Kh8 16. Qc4 exf5 17. exf5 Bxf3 18. Rxf3 d5 19. Qd3 Rad8 20. Bd4 Ne4 21.
Rf4 Bg5 22. Rg4 Rfe8 23. h4 Bf6 24. Nxe4 dxe4 25. Bxf6 exd3 26. Bxg7+ Kg8 27.
Bh6+ Kh8 28. Bg7+ Kg8 29. Bc3+ Kf8 30. Bb4+ Qe7 31. Bxe7+ Rxe7 32. Rxd3 Rxd3
33. cxd3 Rd7 34. Rc4 Ke7 35. d4 Kf6 36. g4 h5 37. gxh5 Kxf5 38. Kg2 Ke4 39. Kg3
f6 40. Rc6 Kf5 41. Rc4 Rg7+ 42. Kh3 Rd7 43. b4 Ke4 44. a5 bxa5 45. bxa5 Rh7 46.
Rc5 a6 47. Rc6 Rxh5 48. Rxa6 Rd5 49. Kg3 Kxd4 50. Kf4 Rh5 51. Kg4 Rd5 52. Ra8
Ke5 53. a6 Rd4+ 54. Kf3 Rd3+ 55. Ke2 Rd7 56. Rc8 Kf4 57. Rc3 f5 58. Ra3 Ra7 59.
Ra4+ Kg3 60. Kf1 f4 61. h5 f3 62. Ra5 Rc7 63. Rg5+ Kf4 64. Rg8 1/2-1/2

[Event "8th Southwest Class"]
[Site "Forth Worth, TX"]
[Date "2017.02.20"]
[Round "8.2"]
[White "GM Li, Ruifeng"]
[Black "IM Matsenko, Sergei"]
[Result "1/2-1/2"]
[WhiteElo "2561"]
[BlackElo "2522"]
[PlyCount "58"]
[EventDate "2017.02.??"]
[EventType "swiss"]
[EventRounds "9"]
[EventCountry "USA"]

1. e4 e6 2. d4 d5 3. Nc3 Bb4 4. e5 Ne7 5. a3 Bxc3+ 6. bxc3 b6 7. Qg4 Ng6 8. h4
h5 9. Qd1 c5 10. Bg5 Qc7 11. Bd3 Ba6 12. Ne2 Bxd3 13. Qxd3 Nc6 14. O-O Nge7 15.
Ng3 Rc8 16. Qd1 cxd4 17. cxd4 Nf5 18. Nxf5 exf5 19. c4 Qd7 20. Rc1 dxc4 21. d5
Nxe5 22. Re1 O-O 23. Rxe5 f6 24. Re6 fxg5 25. hxg5 f4 26. Qxh5 Qxd5 27. Rh6
gxh6 28. Qg6+ Kh8 29. Qxh6+ Kg8 1/2-1/2

[Event "8th Southwest Class"]
[Site "Forth Worth, TX"]
[Date "2017.02.20"]
[Round "8.3"]
[White "GM Popilski, Gil"]
[Black "IM Vorontsov, Pavlo"]
[Result "0-1"]
[WhiteElo "2539"]
[BlackElo "2477"]
[PlyCount "70"]
[EventDate "2017.02.??"]
[EventType "swiss"]
[EventRounds "9"]
[EventCountry "USA"]

1. e4 c6 2. d4 g6 3. Nf3 Bg7 4. h3 d5 5. Nbd2 Nh6 6. Bd3 O-O 7. O-O b6 8. Qe2
Nd7 9. Re1 Re8 10. e5 Nf8 11. Nf1 Ne6 12. c3 f5 13. h4 Rf8 14. h5 Qe8 15. hxg6
hxg6 16. N1h2 Bd7 17. Ng5 f4 18. Nhf3 Nxg5 19. Nxg5 Bf5 20. g3 fxg3 21. fxg3 e6
22. Bxf5 gxf5 23. Kg2 Ng4 24. Rh1 c5 25. Bf4 cxd4 26. cxd4 Rc8 27. Rh7 Rc6 28.
Qd1 Bh6 29. Rxh6 Nxh6 30. Rc1 Rxc1 31. Qxc1 Nf7 32. Nf3 Qb5 33. Qd1 Qxb2+ 34.
Kh3 Rc8 35. Kh4 Qg2 0-1

[Event "8th Southwest Class"]
[Site "Forth Worth, TX"]
[Date "2017.02.20"]
[Round "8.4"]
[White "GM Zherebukh, Yaroslav"]
[Black "GM Kadric, Denis"]
[Result "0-1"]
[WhiteElo "2614"]
[BlackElo "2547"]
[PlyCount "74"]
[EventDate "2017.02.??"]
[EventType "swiss"]
[EventRounds "9"]
[EventCountry "USA"]

1. Nf3 d6 2. d4 g6 3. g3 Bg7 4. Bg2 Nd7 5. c4 Nh6 6. Nc3 O-O 7. O-O e5 8. Rb1
c6 9. b4 exd4 10. Nxd4 Ne5 11. b5 c5 12. Nf3 Nxc4 13. Bg5 Qa5 14. Nd5 Be6 15.
Be7 Rfc8 16. Ng5 Kh8 17. Bf6 Nd2 18. Qc2 c4 19. Bc3 Bxc3 20. Nxc3 Nxb1 21. Rxb1
Rab8 22. Qd2 Nf5 23. Rc1 Qd8 24. h4 Qf6 25. e4 Ng7 26. Qxd6 Rd8 27. Qc7 Qd4 28.
Nf3 Qd6 29. Qa5 Qc5 30. e5 Rd3 31. Re1 Rbd8 32. Na4 Qa3 33. Ng5 c3 34. Be4 Rd2
35. Nf3 R2d7 36. Kg2 b6 37. Qa6 Rc7 0-1

[Event "8th Southwest Class"]
[Site "Forth Worth, TX"]
[Date "2017.02.20"]
[Round "8.5"]
[White "GM Hernandez, Holden"]
[Black "IM Brown, Michael"]
[Result "1-0"]
[WhiteElo "2496"]
[BlackElo "2466"]
[PlyCount "71"]
[EventDate "2017.02.??"]
[EventType "swiss"]
[EventRounds "9"]
[EventCountry "USA"]

1. d4 Nf6 2. c4 e6 3. Nf3 Bb4+ 4. Bd2 a5 5. g3 b6 6. Bg2 Bb7 7. O-O O-O 8. Bf4
h6 9. c5 a4 10. a3 Ba5 11. Qxa4 Bd2 12. Qc2 Bxf4 13. gxf4 d6 14. Nbd2 Nd5 15.
e3 f5 16. b4 g5 17. b5 bxc5 18. dxc5 dxc5 19. Nb3 Nd7 20. fxg5 Qe7 21. Rfc1 c4
22. Qxc4 f4 23. Qe4 hxg5 24. Qg6+ Kh8 25. Qh6+ Kg8 26. e4 N5f6 27. Nxg5 Ne5 28.
Bh3 Rf7 29. Nc5 Rg7 30. Bxe6+ Kf8 31. Kf1 Ng8 32. Nh7+ Ke8 33. Bxg8 Bc8 34.
Nf6+ Kf8 35. Bd5 Nf7 36. Qxf4 1-0

[Event "8th Southwest Class"]
[Site "Forth Worth, TX"]
[Date "2017.02.20"]
[Round "8.6"]
[White "GM Alejano, Carlos"]
[Black "Sturt, Raven"]
[Result "1-0"]
[WhiteElo "2496"]
[BlackElo "2431"]
[PlyCount "99"]
[EventDate "2017.02.??"]
[EventType "swiss"]
[EventRounds "9"]
[EventCountry "USA"]

1. e4 e5 2. Nf3 Nc6 3. Bb5 a6 4. Ba4 Nf6 5. O-O Be7 6. Re1 b5 7. Bb3 d6 8. c3
O-O 9. h3 Nb8 10. d4 Nbd7 11. Nbd2 Bb7 12. Bc2 Re8 13. Nf1 Bf8 14. Ng3 g6 15.
a4 c5 16. d5 c4 17. Bg5 Nc5 18. Qd2 Be7 19. Bh6 Nfd7 20. Nh2 Bf8 21. Ng4 Bxh6
22. Qxh6 Qe7 23. f4 exf4 24. Qxf4 f6 25. Nh6+ Kh8 26. Qxd6 Ne5 27. Qxe7 Rxe7
28. axb5 axb5 29. Rxa8+ Bxa8 30. Ra1 Re8 31. Ra5 Rb8 32. Ra7 Bb7 33. Ng4 h5 34.
Nxe5 fxe5 35. Kf2 Kg7 36. Nf1 Kf6 37. Nd2 Ra8 38. Rxa8 Bxa8 39. Ke3 Ke7 40. b3
cxb3 41. Nxb3 Nxb3 42. Bxb3 Bb7 43. d6+ Kxd6 44. Bf7 h4 45. Bxg6 Kc5 46. g3
hxg3 47. h4 Bc8 48. h5 Be6 49. h6 Bg8 50. Kf3 1-0

[Event "8th Southwest Class"]
[Site "Forth Worth, TX"]
[Date "2017.02.20"]
[Round "8.7"]
[White "Patel, Advait"]
[Black "IM Nakar, Eylon"]
[Result "0-1"]
[WhiteElo "2377"]
[BlackElo "2478"]
[PlyCount "94"]
[EventDate "2017.02.??"]
[EventType "swiss"]
[EventRounds "9"]
[EventCountry "USA"]

1. e4 e6 2. d4 d5 3. Nc3 Nf6 4. Bg5 dxe4 5. Nxe4 Be7 6. Bxf6 gxf6 7. Nf3 a6 8.
g3 f5 9. Nc3 b5 10. Bg2 Bb7 11. O-O c5 12. d5 b4 13. dxe6 bxc3 14. exf7+ Kf8
15. Qc1 Qd6 16. bxc3 Be4 17. Rd1 Qf6 18. Nh4 Bxg2 19. Nxg2 Nc6 20. Qf4 Kg7 21.
Rd5 Rhf8 22. Rxf5 Qxc3 23. Re1 Rad8 24. h4 Rd6 25. Re3 Qa1+ 26. Re1 Qc3 27. Re3
Rd1+ 28. Kh2 Qa1 29. Kh3 Rd4 30. Re4 Qh1+ 31. Kg4 Qxg2 32. Rxd4 cxd4 33. Rh5
Rxf7 34. Rxh7+ Kxh7 35. Qxf7+ Kh6 36. Qe6+ Kg7 37. h5 Bf6 38. h6+ Kg6 39. Qe8+
Kxh6 40. Qf8+ Kg6 41. Qg8+ Kh6 42. Qf8+ Bg7 43. Qf4+ Kh7 44. Qf5+ Kg8 45. Qe6+
Kf8 46. Qc8+ Kf7 47. Qc7+ Ne7 0-1

[Event "8th Southwest Class"]
[Site "Forth Worth, TX"]
[Date "2017.02.20"]
[Round "8.8"]
[White "IM Javakhadze, Zurab"]
[Black "Giannatos, Peter"]
[Result "1-0"]
[WhiteElo "2469"]
[BlackElo "2284"]
[PlyCount "85"]
[EventDate "2017.02.??"]
[EventType "swiss"]
[EventRounds "9"]
[EventCountry "USA"]

1. Nf3 d5 2. g3 Nf6 3. Bg2 Bf5 4. O-O e6 5. c4 c6 6. d3 h6 7. Be3 Nbd7 8. Qb3
Qc8 9. Nc3 Bd6 10. Rac1 Bh7 11. cxd5 exd5 12. Nb5 Bb8 13. Qa3 Qd8 14. Nd6+ Bxd6
15. Qxd6 Qe7 16. Qc7 Nb6 17. Qf4 O-O 18. Bc5 Qxe2 19. Nd4 Qxd3 20. Rfd1 Qa6 21.
Bf1 Qxa2 22. Ba3 Rfe8 23. Ra1 Qxa1 24. Rxa1 Re4 25. Qd2 Nc4 26. Bxc4 dxc4 27.
Re1 Rd8 28. Rxe4 Nxe4 29. Qf4 Bg6 30. Nf5 Ng5 31. Kg2 Kh7 32. Nd6 b5 33. h4 Ne6
34. Qf3 b4 35. Bxb4 c5 36. h5 Bd3 37. Nxf7 Rd4 38. Kh2 cxb4 39. Qa8 Nd8 40.
Nxd8 Be4 41. Qb8 Rd5 42. g4 Rd2 43. Qf4 1-0

[Event "8th Southwest Class"]
[Site "Forth Worth, TX"]
[Date "2017.02.20"]
[Round "8.9"]
[White "FM Hilby, Craig"]
[Black "FM Kalikshteyn, Alexander"]
[Result "1-0"]
[WhiteElo "2333"]
[BlackElo "2448"]
[PlyCount "53"]
[EventDate "2017.02.??"]
[EventType "swiss"]
[EventRounds "9"]
[EventCountry "USA"]

1. e4 c5 2. Nf3 d6 3. d4 cxd4 4. Nxd4 Nf6 5. Nc3 g6 6. Be3 Bg7 7. f3 Nc6 8. Qd2
O-O 9. Bc4 Bd7 10. h4 Ne5 11. Bb3 Qa5 12. O-O-O Rfc8 13. g4 Nc4 14. Bxc4 Rxc4
15. Nb3 Qa6 16. h5 Rxc3 17. bxc3 Bxg4 18. e5 Bxf3 19. exf6 Bxf6 20. hxg6 hxg6
21. Bd4 e5 22. Qf2 exd4 23. Qxf3 Qa3+ 24. Kd2 dxc3+ 25. Ke2 Re8+ 26. Kf2 Kg7
27. Rh7+ 1-0

[Event "8th Southwest Class"]
[Site "Forth Worth, TX"]
[Date "2017.02.20"]
[Round "8.10"]
[White "GM Shabalov, Alex"]
[Black "GM Boros, Denes"]
[Result "1-0"]
[WhiteElo "2570"]
[BlackElo "2444"]
[PlyCount "63"]
[EventDate "2017.02.??"]
[EventType "swiss"]
[EventRounds "9"]
[EventCountry "USA"]

1. c4 c5 2. Nf3 Nc6 3. d4 cxd4 4. Nxd4 Nf6 5. Nc3 e6 6. a3 Be7 7. e4 O-O 8. Nf3
d6 9. Be2 b6 10. O-O Bb7 11. Bf4 Rc8 12. h3 a6 13. Rc1 Ne5 14. Nd2 Kh8 15. Be3
d5 16. cxd5 exd5 17. Bd4 Nc6 18. Bxf6 Bxf6 19. Nxd5 Bxb2 20. Rb1 Bd4 21. Nf3
Bc5 22. Nxb6 Bxb6 23. Qxd8 Nxd8 24. Rxb6 Rc3 25. Rd1 Bxe4 26. Ne5 Kg8 27. Nd7
Bc2 28. Rc1 Re8 29. Rb8 Rc7 30. Nb6 Rc6 31. Bf3 Rc3 32. Be4 1-0

[Event "8th Southwest Class"]
[Site "Forth Worth, TX"]
[Date "2017.02.20"]
[Round "8.12"]
[White "Ghatti, Sanjay"]
[Black "IM Drozdowski, Kaeper"]
[Result "1/2-1/2"]
[WhiteElo "2254"]
[BlackElo "2496"]
[PlyCount "71"]
[EventDate "2017.02.??"]
[EventType "swiss"]
[EventRounds "9"]
[EventCountry "USA"]

1. e4 d6 2. d4 Nf6 3. Nc3 Nc6 4. Be3 g6 5. f3 Bg7 6. Qd2 O-O 7. O-O-O e5 8. d5
Ne7 9. h4 h5 10. Nh3 Nh7 11. Ng5 f5 12. Nxh7 Kxh7 13. Bg5 f4 14. Be2 Bf6 15.
Bxf6 Rxf6 16. Rdg1 a6 17. g4 fxg3 18. Rxg3 Qf8 19. Nd1 Bd7 20. Nf2 c5 21. Rg5
b5 22. Rhg1 c4 23. b3 Rc8 24. Kb1 Rf4 25. Qb4 Qf6 26. bxc4 Rxh4 27. cxb5 axb5
28. Qb3 Rh2 29. Qe3 Qf4 30. Qa7 Qd2 31. Qxd7 Qxc2+ 32. Ka1 Qc3+ 33. Kb1 Qb4+
34. Ka1 Qd4+ 35. Kb1 Qb4+ 36. Ka1 1/2-1/2

[Event "8th Southwest Class"]
[Site "Forth Worth, TX"]
[Date "2017.02.20"]
[Round "8.13"]
[White "IM Viswanadha, Kesav"]
[Black "GM Matamoros, Carlos"]
[Result "0-1"]
[WhiteElo "2372"]
[BlackElo "2486"]
[PlyCount "96"]
[EventDate "2017.02.??"]
[EventType "swiss"]
[EventRounds "9"]
[EventCountry "USA"]

1. e4 c5 2. Nf3 Nc6 3. d4 cxd4 4. Nxd4 e5 5. Nb5 d6 6. N1c3 a6 7. Na3 Be7 8.
Nc4 b5 9. Ne3 Nf6 10. Bd3 O-O 11. O-O Rb8 12. a4 b4 13. Ncd5 Nxd5 14. exd5 Na5
15. f4 exf4 16. Rxf4 Bg5 17. Rf1 g6 18. Qf3 f5 19. Bd2 Bf6 20. Nd1 Nb7 21. Bh6
Rf7 22. Be3 Nc5 23. Bc4 Kg7 24. a5 Qc7 25. Re1 Bd7 26. Qf1 Bb5 27. Bxb5 Rxb5
28. Qf4 Re7 29. Nf2 Rxa5 30. Rad1 Ne4 31. g4 Bg5 32. Bd4+ Kg8 33. Qf3 Nd2 34.
Qg2 Rxe1+ 35. Rxe1 Qc4 36. Bb6 Rb5 37. Be3 Qxd5 38. Bxg5 Nf3+ 39. Kf1 Nxg5 40.
Qg3 Ne4 41. Qh4 Rb8 42. Qe7 Nxf2 43. Kxf2 fxg4 44. Qe6+ Qxe6 45. Rxe6 Rc8 46.
Re2 Kf7 47. Kg3 h5 48. Re4 a5 0-1

[Event "8th Southwest Class"]
[Site "Forth Worth, TX"]
[Date "2017.02.20"]
[Round "8.15"]
[White "IM Stremavicius, Titas"]
[Black "Kung, Thomas"]
[Result "1-0"]
[WhiteElo "2468"]
[BlackElo "1992"]
[PlyCount "43"]
[EventDate "2017.02.??"]
[EventType "swiss"]
[EventRounds "9"]
[EventCountry "USA"]

1. f4 d5 2. Nf3 c5 3. e3 Nc6 4. b3 Nf6 5. Bb5 Bf5 6. Bb2 e6 7. Bxc6+ bxc6 8. d3
Be7 9. Ne5 Rc8 10. g4 Bg6 11. h4 h5 12. g5 Ng4 13. Nxg4 hxg4 14. Bxg7 Rh7 15.
Bb2 Bf5 16. Nd2 f6 17. e4 dxe4 18. dxe4 fxg5 19. exf5 Qd5 20. Rg1 gxf4 21. Qxg4
Bxh4+ 22. Ke2 1-0

[Event "8th Southwest Class"]
[Site "Forth Worth, TX"]
[Date "2017.02.20"]
[Round "8.17"]
[White "WIM Yu, Jennifer"]
[Black "GM Raznikov, Dani"]
[Result "0-1"]
[WhiteElo "2162"]
[BlackElo "2514"]
[PlyCount "116"]
[EventDate "2017.02.??"]
[EventType "swiss"]
[EventRounds "9"]
[EventCountry "USA"]

1. c4 e5 2. Nc3 Bb4 3. Nd5 Bc5 4. Nf3 c6 5. Nc3 d6 6. e3 Bb4 7. d3 Bxc3+ 8.
bxc3 c5 9. d4 Nc6 10. Be2 Nf6 11. O-O e4 12. Nd2 Bf5 13. a4 Qe7 14. Ba3 h5 15.
Nb3 b6 16. a5 Bg4 17. Re1 Bxe2 18. Rxe2 h4 19. Rea2 h3 20. g3 O-O 21. axb6 axb6
22. Nd2 Ra5 23. Bc1 Rfa8 24. Rxa5 Rxa5 25. Rb1 Qa7 26. g4 Ra1 27. Rxa1 Qxa1 28.
g5 Nh7 29. Nxe4 Qb1 30. f3 Nf8 31. Qe1 Na5 32. Bd2 Qxe1+ 33. Bxe1 Nxc4 34. Kf2
Ne6 35. f4 d5 36. Ng3 g6 37. Nf1 Ng7 38. Kf3 Nf5 39. dxc5 bxc5 40. Bd2 Nfd6 41.
Be1 Ne4 42. Ng3 Nxg3 43. Bxg3 Kf8 44. Bf2 Ke7 45. Be1 Ke6 46. e4 dxe4+ 47. Kxe4
Nd6+ 48. Kf3 Kd5 49. Kg4 Ke4 50. Kxh3 Kf3 51. c4 Nxc4 52. f5 gxf5 53. Kh4 f4
54. g6 fxg6 55. Kg5 Ke2 56. Bh4 f3 57. Kxg6 Ne3 58. Bg3 c4 0-1

[Event "8th Southwest Class"]
[Site "Forth Worth, TX"]
[Date "2017.02.20"]
[Round "8.18"]
[White "Hong, Andrew"]
[Black "FM Rozman, Levy"]
[Result "1-0"]
[WhiteElo "2387"]
[BlackElo "2404"]
[PlyCount "101"]
[EventDate "2017.02.??"]
[EventType "swiss"]
[EventRounds "9"]
[EventCountry "USA"]

1. e4 e6 2. d4 d5 3. Nc3 Nf6 4. Bg5 dxe4 5. Nxe4 Be7 6. Bxf6 gxf6 7. Qd2 f5 8.
Nc3 a6 9. g3 Qd6 10. O-O-O Nd7 11. Bg2 Rb8 12. Nh3 b5 13. Qh6 Nb6 14. Qg7 Rf8
15. Nf4 b4 16. Nce2 a5 17. Kb1 a4 18. Nd3 Nd5 19. Bxd5 Qxd5 20. Nef4 Qd6 21.
Rhe1 b3 22. cxb3 axb3 23. a3 Bb7 24. Nc5 Bd5 25. Re3 Rb6 26. h4 Qd8 27. Nh5 Bc4
28. Qh6 Qd5 29. Nf4 Qd6 30. Qh5 Kd8 31. Qf3 c6 32. Rc1 Qxd4 33. Rd1 Bxc5 34.
Rxd4+ Bxd4 35. Qd1 c5 36. Rc3 Ba6 37. Rxc5 Rd6 38. Ra5 e5 39. Nd5 Bb7 40. Qxb3
Bxd5 41. Rxd5 Rxd5 42. Qxd5+ Ke7 43. Qf3 Ke6 44. Qc6+ Ke7 45. Qc2 Ke6 46. b4
Rd8 47. a4 e4 48. a5 Be5 49. b5 Rd4 50. Qb3+ Kd6 51. a6 1-0

[Event "8th Southwest Class"]
[Site "Forth Worth, TX"]
[Date "2017.02.20"]
[Round "8.19"]
[White "Studen, Damir"]
[Black "Ruiz, Joshua"]
[Result "0-1"]
[WhiteElo "2223"]
[BlackElo "2336"]
[PlyCount "92"]
[EventDate "2017.02.??"]
[EventType "swiss"]
[EventRounds "9"]
[EventCountry "USA"]

1. d4 Nf6 2. c4 e6 3. Nf3 b6 4. g3 Ba6 5. Qc2 c5 6. Bg2 Bb7 7. O-O Nc6 8. Rd1
cxd4 9. Nxd4 Nxd4 10. Rxd4 Bxg2 11. Kxg2 Bc5 12. Rd1 O-O 13. Bg5 h6 14. Bxf6
Qxf6 15. e3 Rfd8 16. Nc3 Bb4 17. Ne2 Rac8 18. Qb3 Be7 19. Rd4 Qf5 20. Rc1 Bf6
21. e4 Qh7 22. Rd2 Qxe4+ 23. f3 Qc6 24. h4 Qc5 25. Rd3 Qe5 26. Nc3 d5 27. cxd5
Rxc3 28. Rcxc3 Qe2+ 29. Kh3 Bxc3 30. Qxc3 exd5 31. Rd2 Qf1+ 32. Kh2 d4 33. Qd3
Qxd3 34. Rxd3 f5 35. Kg2 Kf7 36. Kf2 Ke6 37. Ra3 Rd7 38. Rb3 Rc7 39. Ke2 Kd5
40. Kd3 Kc5 41. a3 Re7 42. Kd2 g5 43. hxg5 hxg5 44. f4 g4 45. Rd3 Rh7 46. Kd1
Kd5 0-1

[Event "8th Southwest Class"]
[Site "Forth Worth, TX"]
[Date "2017.02.20"]
[Round "8.20"]
[White "Potula, Kapish"]
[Black "Zhang, Chao"]
[Result "1/2-1/2"]
[WhiteElo "2015"]
[BlackElo "2242"]
[PlyCount "124"]
[EventDate "2017.02.??"]
[EventType "swiss"]
[EventRounds "9"]
[EventCountry "USA"]

1. d4 d5 2. c4 c6 3. cxd5 cxd5 4. Nf3 Nf6 5. Nc3 Nc6 6. Bf4 a6 7. e3 e6 8. Bd3
Bd6 9. Bg3 O-O 10. Ne5 Ne7 11. O-O b5 12. a3 Bb7 13. f3 Nf5 14. Bxf5 exf5 15.
Bh4 Re8 16. f4 Be7 17. Bxf6 Bxf6 18. Re1 Rc8 19. Nd3 Rxe3 20. Ne5 Rxe1+ 21.
Qxe1 Qb6 22. Qe3 Re8 23. Re1 Bxe5 24. fxe5 h6 25. Ne2 f6 26. Ng3 fxe5 27. Nxf5
e4 28. Qg3 Qf6 29. Rf1 Bc8 30. Qd6 Qxd6 31. Nxd6 Rd8 32. Nf7 Rd7 33. Ne5 Rc7
34. Ng6 Bg4 35. Nf4 Rc4 36. h3 Bd7 37. Rd1 Bc6 38. Rd2 g5 39. Ng6 Kg7 40. Ne5
Rc1+ 41. Kf2 Be8 42. Ng4 Bf7 43. Ne3 h5 44. Rc2 Rb1 45. Nf1 h4 46. Nd2 Rd1 47.
Nb3 Bh5 48. Rc1 Rd3 49. Nc5 Rd2+ 50. Kf1 e3 51. Re1 e2+ 52. Kf2 Kf6 53. Nxa6
Rxd4 54. Nc7 b4 55. axb4 Ke5 56. Na6 Rd2 57. Nc5 d4 58. b3 d3 59. Ke3 Rc2 60.
Nxd3+ Kd5 61. Nc1 Rb2 62. Nxe2 Rxb3+ 1/2-1/2

[Event "8th Southwest Class"]
[Site "Forth Worth, TX"]
[Date "2017.02.20"]
[Round "8.22"]
[White "Zaoloznyy, Mike"]
[Black "Sanchez, Robert"]
[Result "0-1"]
[WhiteElo "2100"]
[BlackElo "1863"]
[PlyCount "74"]
[EventDate "2017.02.??"]
[EventType "swiss"]
[EventRounds "9"]
[EventCountry "USA"]

1. e4 Nc6 2. Nf3 d6 3. Bc4 Nf6 4. d3 Bg4 5. Nbd2 Na5 6. h3 Bh5 7. g4 Nxc4 8.
Nxc4 Bg6 9. e5 dxe5 10. Ncxe5 e6 11. Bg5 Be7 12. c4 Nd7 13. Bxe7 Qxe7 14. h4 f6
15. Nxg6 hxg6 16. Qe2 Qb4+ 17. Kf1 O-O-O 18. a3 Qd6 19. b4 e5 20. Rd1 Nf8 21.
d4 Ne6 22. d5 Nf4 23. Qe3 Qd7 24. Rg1 Qa4 25. Rd2 Rd6 26. g5 Ra6 27. gxf6 gxf6
28. Nxe5 fxe5 29. Qxe5 Rf8 30. d6 Rxd6 31. Rxd6 cxd6 32. Qxd6 Qe8 33. Qc5+ Kb8
34. Rg5 Qe2+ 35. Kg1 Nh3+ 36. Kh2 Rxf2+ 37. Kxh3 Qf1+ 0-1

[Event "8th Southwest Class"]
[Site "Forth Worth, TX"]
[Date "2017.02.20"]
[Round "8.23"]
[White "Metpally, Jason"]
[Black "Tsay, Vincent"]
[Result "0-1"]
[WhiteElo "2100"]
[BlackElo "1834"]
[Annotator "Hater,David"]
[PlyCount "35"]
[EventDate "2017.02.??"]
[EventType "swiss"]
[EventRounds "9"]
[EventCountry "USA"]

1. d4 Nf6 2. c4 g6 3. Nc3 Bg7 4. e4 d6 5. h3 O-O 6. Be3 c5 7. d5 e6 8. Bd3 exd5
9. exd5 Re8 10. Nf3 Bh6 11. O-O Bg7 12. Qd2 a6 13. a4 Nbd7 14. Rae1 Nb6 15. g4
Bd7 16. b3 Nc8 17. Qc2 Na7 (17... Nxg4 18. Bg5 Bf6 19. Rxe8+ Bxe8 20. Ne4 Bxg5
21. Nfxg5 Ne5 22. f4 Nd7 23. f5 Qe7 24. fxg6 hxg6 25. Qg2 Qe5 26. Kh1 Ne7 27.
Qg4 Nf5 28. h4 Ne3 29. Qf3 Nxf1 30. Bxf1 f5 31. Ng3 Nf6 32. Bh3 Nh7 33. Ne6
Qxe6 34. dxe6 Bc6 35. Bg2 Bxf3 36. Bxf3 Rb8 37. h5 Kg7 38. Be2 Ng5 39. hxg6
Kxg6 40. Bd3 Kf6 41. Nxf5 Kxe6 42. Kg2 Nf7 43. Ne3 Ke5 44. Nc2 a5 45. Kf2 Nd8
46. Ke2 Nc6 47. Kd2 Nd4 48. Kc3 Nxc2 49. Bxc2 Rh8) 18. Bg5 0-1

[Event "8th Southwest Class"]
[Site "Forth Worth, TX"]
[Date "2017.02.20"]
[Round "8.24"]
[White "Obili, Abhishek"]
[Black "Matta, Nicholas"]
[Result "0-1"]
[WhiteElo "1986"]
[BlackElo "2019"]
[PlyCount "86"]
[EventDate "2017.02.??"]
[EventType "swiss"]
[EventRounds "9"]
[EventCountry "USA"]

1. e4 e5 2. Nf3 Nc6 3. Bc4 Nf6 4. d3 Be7 5. c3 O-O 6. O-O d6 7. Bb3 Na5 8. Bc2
c5 9. Nbd2 Nc6 10. Re1 Re8 11. Nf1 Bf8 12. Ng3 g6 13. h3 Bg7 14. Be3 b6 15. Qd2
d5 16. Bh6 d4 17. Ba4 Bd7 18. Nf5 Bh8 19. Nd6 Re6 20. Nxf7 Kxf7 21. Ng5+ Ke7
22. Nxe6 Kxe6 23. Bb3+ Ke7 24. Bd5 Ng8 25. cxd4 cxd4 26. Rac1 Rc8 27. Rc2 Nxh6
28. Qxh6 Qf8 29. Qxh7+ Qg7 30. Qh4+ Qf6 31. Qh6 Bg7 32. Qc1 g5 33. b4 a6 34. a4
b5 35. axb5 axb5 36. Rc5 g4 37. hxg4 Bh6 38. Qa3 Bd2 39. Rb1 Rf8 40. f3 Be3+
41. Kf1 Qh4 42. Rb2 Qh1+ 43. Ke2 Bxg4 0-1

[Event "8th Southwest Class"]
[Site "Forth Worth, TX"]
[Date "2017.02.20"]
[Round "8.29"]
[White "Gutman, Joshua"]
[Black "Vaidya, Atulya"]
[Result "1/2-1/2"]
[WhiteElo "2078"]
[BlackElo "2087"]
[PlyCount "96"]
[EventDate "2017.02.??"]
[EventType "swiss"]
[EventRounds "9"]
[EventCountry "USA"]

1. d4 Nf6 2. c4 g6 3. Nc3 Bg7 4. e4 d6 5. Nf3 O-O 6. Be2 e5 7. O-O Nc6 8. d5
Ne7 9. Ne1 Nd7 10. Be3 f5 11. f3 f4 12. Bf2 g5 13. a4 a6 14. a5 h5 15. Nd3 Rf7
16. c5 Bf8 17. b4 Rg7 18. cxd6 cxd6 19. Nb2 b5 20. axb6 Nxb6 21. b5 Bd7 22.
bxa6 g4 23. Qb3 Nec8 24. fxg4 hxg4 25. g3 f3 26. Bd3 Rh7 27. Be3 Bh6 28. Bxh6
Rxh6 29. Rf2 Qg5 30. Nbd1 Ra7 31. Nb5 Bxb5 32. Qxb5 Kf8 33. Qc6 Rhh7 34. Qc1
Qh5 35. Qe3 Rh6 36. Rc1 Rah7 37. Rcc2 Qh3 38. Qg5 Qxg3+ 39. Kf1 Qh4 40. Qf5+
Rf7 41. Rxc8+ Nxc8 42. Qxc8+ Kg7 43. Ke1 g3 44. hxg3 Qxg3 45. Ne3 Qf4 46. Qg4+
Qxg4 47. Nxg4 Rh1+ 48. Kd2 Ra1 1/2-1/2

[Event "8th Southwest Class"]
[Site "Forth Worth, TX"]
[Date "2017.02.20"]
[Round "8.30"]
[White "Polavaram, Rithik"]
[Black "Hu, Yi"]
[Result "1/2-1/2"]
[WhiteElo "1908"]
[BlackElo "2152"]
[PlyCount "83"]
[EventDate "2017.02.??"]
[EventType "swiss"]
[EventRounds "9"]
[EventCountry "USA"]

1. d4 d5 2. c4 c6 3. Nc3 Nf6 4. e3 Bf5 5. cxd5 Nxd5 6. Qb3 Nb6 7. Nf3 e6 8. Be2
N8d7 9. O-O Be7 10. e4 Bg6 11. Bf4 Nf6 12. Bd3 O-O 13. Rad1 Rc8 14. Bb1 Qe8 15.
a4 c5 16. dxc5 Bxc5 17. Bd3 a5 18. Bg5 Qc6 19. Ne5 Qc7 20. Nxg6 hxg6 21. Bh4
Nh5 22. Be2 Nf4 23. Bf3 Bb4 24. Bg3 g5 25. Rc1 Qc4 26. Qxc4 Rxc4 27. h4 Bxc3
28. bxc3 Nxa4 29. hxg5 e5 30. Rb1 Rb8 31. Rb5 Nxc3 32. Rxa5 Nxe4 33. Re1 Nxg3
34. fxg3 Ng6 35. Rb5 b6 36. Reb1 Kf8 37. Rxb6 Rxb6 38. Rxb6 Rc5 39. Rb8+ Ke7
40. Rb7+ Kf8 41. Rb8+ Ke7 42. Rg8 1/2-1/2

[Event "8th Southwest Class"]
[Site "Forth Worth, TX"]
[Date "2017.02.20"]
[Round "8.31"]
[White "Kirumaki, Ronit"]
[Black "Mishra, Prateek"]
[Result "0-1"]
[WhiteElo "1848"]
[BlackElo "1923"]
[PlyCount "118"]
[EventDate "2017.02.??"]
[EventType "swiss"]
[EventRounds "9"]
[EventCountry "USA"]

1. e4 e5 2. Nf3 Nc6 3. Bc4 Nf6 4. d3 Bc5 5. O-O d6 6. c3 a6 7. b4 Bb6 8. Bg5
O-O 9. h3 h6 10. Bh4 Be6 11. Nbd2 Re8 12. Bb3 g5 13. Bg3 Nh5 14. Bh2 Nf4 15.
Bxf4 gxf4 16. Nh2 Qg5 17. Bxe6 Rxe6 18. Qg4 Rd8 19. Ndf3 Qxg4 20. Nxg4 h5 21.
Ngh2 d5 22. exd5 Rxd5 23. Rfd1 Rd8 24. Rd2 Red6 25. Rad1 f6 26. Nh4 e4 27. d4
Ne7 28. Re2 f5 29. Rc1 Kf7 30. Nf1 Rg8 31. Kh1 Rf6 32. Nd2 Nd5 33. Nc4 f3 34.
gxf3 Nf4 35. Rd2 Nxh3 36. Kh2 Nf4 37. Rg1 Rxg1 38. Kxg1 Ng6 39. Ne5+ Nxe5 40.
dxe5 Re6 41. c4 e3 42. Rc2 exf2+ 43. Kf1 Be3 44. Ng2 Ba7 45. Nh4 b5 46. Nxf5
Rc6 47. Re2 Rxc4 48. Kg2 Rc1 49. Rxf2 Bxf2 50. Kxf2 Rc4 51. Kg3 Rxb4 52. Ne3
Ke6 53. Nc2 Rc4 54. Ne3 Rc3 55. Kf4 Rxe3 56. Kxe3 h4 57. Kf4 h3 58. Kg3 c5 59.
Kxh3 c4 0-1

[Event "8th Southwest Class"]
[Site "Forth Worth, TX"]
[Date "2017.02.20"]
[Round "9.1"]
[White "IM Vorontsov, Paulo"]
[Black "GM Sevian, Sam"]
[Result "1/2-1/2"]
[WhiteElo "2477"]
[BlackElo "2579"]
[PlyCount "28"]
[EventDate "2017.02.??"]
[EventType "swiss"]
[EventRounds "9"]
[EventCountry "USA"]

1. d4 Nf6 2. Nf3 d5 3. c4 e6 4. e3 a6 5. Nc3 dxc4 6. a4 c5 7. Bxc4 Nc6 8. O-O
Be7 9. Qc2 cxd4 10. Rd1 e5 11. exd4 exd4 12. Nxd4 Nxd4 13. Qe4 Qd6 14. Qxd4
Qxd4 1/2-1/2